Logos Through the Ages: Nike Quiz Stats

 Plays Quiz Updated May 24, 2018

Score 0/5 Timer 02:00
9 Plays Today
% Correct
???
98%
???
92.7%
???
89.4%
???
88.4%
???
35.8%

You're not logged in!

Compare scores with friends on all Sporcle quizzes.
Join for Free
OR
Log In

You Might Also Like...

Show Comments

Extras

Top Quizzes Today


Score Distribution

Your Account Isn't Verified!

In order to create a playlist on Sporcle, you need to verify the email address you used during registration. Go to your Sporcle Settings to finish the process.

Report this User

Report this user for behavior that violates our Community Guidelines.

Details: